000 00554nam a2200217Ia 4500
003 OSt
005 20221005114508.0
006 a|||||r|||| 00| 0
007 ta
008 221004b |||||||| |||| 00| 0 hin d
024 _a47397
037 _cTextual
040 _aCRL
_cCRL
_bhin
041 _2hin
_ahin
082 _aO152,3N05,1, 31N8
100 _aSreedharan
_9625683
245 0 _aAtrathu patru
650 _aHINDI LITERATURE
_923866
942 _hO152,3N05,1, 31N8
_cTEXL
_2cc
999 _c1031487
_d1031487